Piłkarze Olympique Marsylia - nagła śmierć - Statystyki

Ogólne statystyki
  • Ten quiz został rozwiązany 152 razy
  • Średni wynik to 7 z 14
Answers on the Grid
Answers color-coded by a green-red scale on the quiz's grid according to % correct below.
Kamil Glik
Dimitri Payet
Arkadiusz Milik
Bernardo Silva
Didier Drogba
Olivier Giroud
David Silva
Franck Ribéry
Paul Pogba
Mason Greenwood
Radamel Falcao
Hugo Lloris
Adrien Rabiot
Son Heung-min
Cesc Fàbregas
Mattéo Guendouzi
Ireneusz Jeleń
Bafétimbi Gomis
Robin van Persie
Grzegorz Rasiak
Mario Balotelli
William Saliba
Steve Mandanda
Thomas Lemar
Mathieu Valbuena
Emmanuel Adebayor
César Azpilicueta
Geoffrey Kondogbia
 
Statystyki odpowiedzi
Odpowiedź % Poprawnych
Dimitri Payet
93%
Arkadiusz Milik
90%
Mason Greenwood
70%
Mattéo Guendouzi
65%
Adrien Rabiot
57%
Didier Drogba
50%
Franck Ribéry
48%
Steve Mandanda
47%
Mathieu Valbuena
45%
Geoffrey Kondogbia
43%
Bafétimbi Gomis
38%
Mario Balotelli
32%
William Saliba
30%
César Azpilicueta
23%
Nie znaleziono quizów pasujących do podanych kryteriów
Rozkład punktacji
Procent ludzi z każdym wynikiem
Percentyl według liczby udzielonych odpowiedzi
Twoja historia wyników
Nie rozwiązałeś tego quizu